01246nam a2200253 a 450000100100000000500170001000800410002704000250006808200220009310000400011524502270015525000110038226000530039330000260044649000240047250000290049650400730052559000760059870000370067470000400071183000310075195201930078299900170097500003531520200930074242.0111027s1949 mx 000 1 spa d aDO-SdBNPbspacBNPHU axxxxbD579t, 19491 aDilthey, Wilhelm,d1833-191196105910aIntroducción a las ciencias del espiritu :ben la que se trata de fundamentar el estudio de la sociedad y de la historia /cversión nuevamente revisada, prólogo y notas de Eugenio Ímaz, prólogo Guillermo Dilthey. a2a ed. aMéxico :bFondo de Cultura Económica,c1949. axxv, 426 p. ;c24 cm.1 aObras de Diltheyv1 aApéndices : p. 385-405 aIncluye referencias bibliográficas y notas al pie de las páginas aPerteneció a la biblioteca personal de Juan Isidro Jimenes Grullón.1 aÍmaz, Eugenio,epról.9257851 aDilthey, Guillermo,epról.961087 0aObras de Diltheyv1961060 001050718MOaGRbGRcCTd2011-10-27iLF1l0oxxxx D579t, 1949p35315-10r2020-06-25w2020-06-25y1zPerteneció a la biblioteca personal de Juan Isidro Jimenes -GrullónZNo se presta c34806d34806